| 000 | 00834nam a2200241 c 4500 | ||
|---|---|---|---|
| 001 | 45845 | ||
| 003 | ES-MaCES | ||
| 005 | 20150317112746.0 | ||
| 008 | 150317s2008 sp o000 | spa d | ||
| 040 |
_aES-MaCES _bspa _cES-MaCES |
||
| 110 | 1 |
_aEspaña _bConsejo de Estado _92748 |
|
| 245 | 1 | 0 | _aMemoria del año 2007 que el Consejo de Estado en Pleno eleva al Gobierno, en cumplimiento de lo dispuesto en el artículo 20.2 de la Ley orgánica 3/1980, de 23 de abril |
| 260 |
_aMadrid _bConsejo de Estado _c2008 |
||
| 300 |
_a152 p. _c24 cm |
||
| 541 | _cGratuito | ||
| 610 | 1 | 4 |
_aEspaña _bConsejo de Estado _92748 |
| 650 | 4 |
_amemoria anual _928977 |
|
| 650 | 4 |
_ainforme de actividades _928984 |
|
| 650 | 4 |
_a2007 _931880 |
|
| 653 | 1 | 0 | _aAdministración-Instituciones públicas |
| 902 | _aLIB Libro | ||
| 942 |
_2CES _cBK _h6.3. |
||
| 999 |
_c45845 _d45845 |
||